000 00642nam a22002052 4500
001 0000003804
005 20151217151934.0
008 070515s xx 000 0 eng d
020 _a0830815155 :
_cKES 300 (don.)
040 _aKABU
_cKABU
050 0 _aQ175
_b.M47
245 1 0 _aMere creation :
_bscience, faith & intelligent design /
_ced. by William A. Dembski.
260 _aDowners Grove, Ill. :
_bInter Varsity Press,
_c1998.
300 _a475 p.
650 0 _aScience
_xPhilosophy.
_@0000153979
700 1 _aDembski, William A.
_@0000148533
908 _a070515
950 _@1
999 _c6532
_d6532